000
00225nam a2200097Ia 4500
005
20250424112820.0
008
250424s9999 xx 000 0 und d
300
_a
v. ; 20 cm.
650
_a
Humanities--Periodicals.
942
_c
SR
999
_c
37286
_d
37286